| 000 -LEADER |
| fixed length control field |
00833nam a22002417a 4500 |
| 005 - DATE AND TIME OF LATEST TRANSACTION |
| control field |
20251009095602.0 |
| 008 - FIXED-LENGTH DATA ELEMENTS--GENERAL INFORMATION |
| fixed length control field |
251009b ||||| |||| 00| 0 eng d |
| 020 ## - INTERNATIONAL STANDARD BOOK NUMBER |
| International Standard Book Number |
9781782693628 |
| 040 ## - CATALOGING SOURCE |
| Transcribing agency |
KH8 |
| 082 ## - DEWEY DECIMAL CLASSIFICATION NUMBER |
| Classification number |
411 HEC |
| 100 ## - MAIN ENTRY--PERSONAL NAME |
| Personal name |
HECK,ELLEN |
| Relator term |
AUTHOR |
| Language of a work |
ENGLISH |
| 245 ## - TITLE STATEMENT |
| Title |
A IS FOR BEE |
| 260 ## - PUBLICATION, DISTRIBUTION, ETC. |
| Place of publication, distribution, etc. |
71-75 SHELTON STREET,LONDON WC2H 9JQ |
| Name of publisher, distributor, etc. |
PUSHKIN PRESS |
| Date of publication, distribution, etc. |
2022 |
| 300 ## - PHYSICAL DESCRIPTION |
| Extent |
40 pages |
| Other physical details |
colour illustrations |
| Dimensions |
26 cm x19 cm |
| 500 ## - GENERAL NOTE |
| General note |
“Multilingual alphabet book exploring different languages’ spellings for animals.” Illustrator: Ellen Heck |
| 650 ## - SUBJECT ADDED ENTRY--TOPICAL TERM |
| Source of heading or term |
Alphabets |
| Topical term or geographic name entry element |
Juvenile literature |
| 650 ## - SUBJECT ADDED ENTRY--TOPICAL TERM |
| Source of heading or term |
Language |
| Topical term or geographic name entry element |
Juvenile literature |
| 650 ## - SUBJECT ADDED ENTRY--TOPICAL TERM |
| Source of heading or term |
Multilingualism |
| Topical term or geographic name entry element |
Juvenile literature |
| 655 ## - INDEX TERM--GENRE/FORM |
| Genre/form data or focus term |
Picture books |
| 655 ## - INDEX TERM--GENRE/FORM |
| Genre/form data or focus term |
Children’s books |
| 700 ## - ADDED ENTRY--PERSONAL NAME |
| Personal name |
Heck, Ellen |
| Relator term |
Illustrator |
| 942 ## - ADDED ENTRY ELEMENTS (KOHA) |
| Source of classification or shelving scheme |
|
| Koha item type |
Books - Non Ficton |